星街すいせいの曲 - Statistics

General Stats
  • This quiz has been taken 74 times
  • The average score is 14 of 82
Answer Stats
Answer % Correct
ビビデバ
92%
Stellar Stellar
68%
ソワレ
62%
Caramel Pain
46%
もうどうなってもいいや
38%
comet
36%
GHOST
36%
NEXT COLOR PLANET
36%
ビーナスバグ
34%
綺麗事
34%
AWAKE
34%
灼熱にて純情(wii-wii-woo)
34%
レクイエム
32%
駆けろ
30%
ザイオン
30%
天球、彗星は夜を跨いで
30%
ムーンライト
30%
みちづれ
26%
TEMPLATE
26%
褪せたハナミドリ
24%
放送室
24%
Orbital Period
24%
Starry Jet
24%
シュガーラッシュ
22%
先駆者
20%
Bluerose
20%
自分勝手Dazzling
20%
The Last Frontier
20%
TRUE GIRL SHOW
20%
Andromeda
18%
繭と心
16%
バイバイレイニー
16%
7days
16%
プラネタリウム
14%
DEADPOOL
14%
Wicked
14%
教室に青
12%
ジュビリー
12%
一世風靡
12%
なんもない
12%
3時12分
12%
Allegro
12%
Je t'aime。
12%
Newton
12%
スイちゃんのメンテナンスソング
10%
デビュタントボール
10%
夜を待つよ
10%
流星群
10%
ネバーフィクション
10%
Damn Good Day
10%
Midnight Mission
10%
OUT OF FRAME
10%
Shiny Smily Story
10%
SOS
10%
ソリロキー
8%
CapSule
8%
Igniter
8%
Moonlightspeed
8%
Blackhole Dancehall
6%
GET THE CROWN
6%
Highway
6%
Light The Light
6%
Never Ending Midnights
6%
Rat A Tat
6%
story time
6%
なかま歌
4%
藍より群青
4%
ホロライブ言えるかな?
4%
Run or Run
4%
青春アーカイブ
2%
キズナトキセキ
2%
飛んでK!ホロライブサマー
2%
Prism Melody
2%
Sparklers
2%
しらないファンタスティックワールド
0%
スクラップ&ビルド!
0%
ひかえめわんだーらん
0%
ワクワクトレジャーワールド
0%
スイちゃんのメンテナスソング
0%
ピース! !
0%
心憂い
0%
polar
0%
No matching quizzes found
Score Distribution
Percent of People with Each Score
Percentile by Number Answered
Your Score History
You have not taken this quiz